| 000 | 01340cam a2200349 a 4500 | ||
|---|---|---|---|
| 999 |
_c756 _d756 |
||
| 001 | 15899997 | ||
| 003 | GZU | ||
| 005 | 20200911160013.0 | ||
| 008 | 090909s2009 enkab b 001 0 eng | ||
| 010 | _a 2009281358 | ||
| 015 |
_aGBA8D9448 _2bnb |
||
| 016 | 7 |
_a014852969 _2Uk |
|
| 020 | _a9781847014023 (hbk. : James Currey) | ||
| 020 | _a184701402X (hbk. : James Currey) | ||
| 020 | _a9781779220776 (hbk. : Weaver) | ||
| 020 | _a1779220774 (hbk. : Weaver) | ||
| 035 | _a(OCoLC)ocn243545100 | ||
| 040 |
_aUKM _cUKM _dBTCTA _dBAKER _dYDXCP _dBWKUK _dBWK _dCDX _dDLC |
||
| 042 | _alccopycat | ||
| 050 | 0 | 0 |
_aDT1190.Z36 _bMcG 2009 |
| 100 | 1 |
_aMcGregor, JoAnn. _eauthor |
|
| 245 | 1 | 0 |
_aCrossing the Zambezi : _bthe politics of landscape on a Central African frontier / _cJoAnn McGregor. |
| 260 |
_aWoodbridge, UK ; _aRochester, NY : _bJames Currey ; _aHarare, Zimbabwe : _bWeaver Press, _c2009. |
||
| 300 |
_ax, 237 p. : _bill., maps ; _c25 cm. |
||
| 500 | _aIncludes bibliographical references (p. 214-228) and index. | ||
| 504 | _aIncludes bibliographical references (p. 214-228) and index. | ||
| 651 | 0 |
_aZambezi River _xHistory. |
|
| 651 | 0 |
_aZambezi River Valley _xHistory. |
|
| 906 |
_a7 _bcbc _ccopycat _d2 _encip _f20 _gy-gencatlg |
||
| 942 |
_2lcc _cBK _h1190.Z36 _iMcG _kDT |
||